Discrete mathematics in computer science / (رقم التسجيلة. 15522)
[ عرض عادي ]
| 000 -الفاتح | |
|---|---|
| حقل البيانات ثابتة الطول | 00812cam a2200265 i 4500 |
| 001 - رقم الضبط | |
| رقم الضبط | 818920 |
| 003 - محدد رقم الضبط | |
| رقم الضبط | OSt |
| 005 - وقت وتاريخ اخر تعامل مع التسجيلة | |
| رقم الضبط | 20150408113926.0 |
| 008 - عناصر البيانات ثابتة الطول - معلومات عامة | |
| حقل البيانات ثابتة الطول | 761014s1977 njua b 001 0 eng |
| 010 ## - رقم ضبط مكتبة الكونجرس | |
| رقم ضبط مكتبة الكونجرس | 76048915 |
| 020 ## - الرقم الدولى المعيارى للكتب | |
| الرقم الدولى المعيارى للكتاب | 9780132160520 |
| 040 ## - مصدر الفهرسة | |
| وكالة الفهرسة الأصلية | DLC |
| وكالة النسخ | DLC |
| وكالة التعديل | DLC |
| 050 00 - رقم طلب مكتبة الكونجرس | |
| رقم التصنيف | QA39.2 |
| رقم المادة | .S688 |
| 082 00 - رقم تصنيف ديوى العشرى | |
| رقم التصنيف | 512.1 |
| 100 1# - المدخل الرئيسى - إسم شخصى | |
| الإسم الشخصى | Stanat, Donald F., |
| التواريخ المصاحبة للاسم | 1937- |
| 9 (RLIN) | 5056 |
| 245 10 - بيان العنوان | |
| العنوان | Discrete mathematics in computer science / |
| بيان المسئوليه,etc | Donald F. Stanat, David F. McAllister. |
| 260 ## - PUBLICATION, DISTRIBUTION, ETC. (IMPRINT) | |
| مكان الناشر او الموزع | Englewood Cliffs, N.J. : |
| اسم الناشر او الموزع | Prentice-Hall, |
| تاريخ النشر أو التوزيع | c1977. |
| 300 ## - الوصف المادى | |
| التعداد | xiii, 401 p. : |
| تفاصيل ماديه اخرى للوعاء | ill. ; |
| أبعاد الوعاء | 25 cm. |
| 500 ## - تبصرة عامة | |
| تبصرة عامة | Includes index. |
| 504 ## - تبصرة ببليوجرافية | |
| تبصرة ببليوجرافية,الخ | Bibliography: p. 391-392. |
| 650 #0 - المدخل الاضافى بالموضوع-مصطلح موضوعى | |
| مصطلح موضوعي أو اسم جغرافي كعنصر مدخل | Mathematics. |
| 650 #0 - المدخل الاضافى بالموضوع-مصطلح موضوعى | |
| مصطلح موضوعي أو اسم جغرافي كعنصر مدخل | Electronic data processing. |
| 700 1# - المدخل الاضافى - اسم شخصى | |
| الإسم الشخصى | McAllister, David F., |
| التواريخ المصاحبة للاسم | 1941- |
| الدور | joint author. |
| 9 (RLIN) | 5057 |
| 942 ## - عناصر المدخل الإضافي( كوها) | |
| مصدر التصنيف او مخطط الترفيف | Dewey Decimal Classification |
| Koha [default] item type | كتاب |
| حالة الفقد | نموذج السعر الفعال | حالة تلف | ليس للاعارة | رقم الطلب | تاريخ الاكتساب | الموقع الحالي | الباركود | الفرع الرئيسي | Date last seen | نوع المادة فى نظام كوها | مصدر التصنيف او خطة الترفيف | Total Checkouts |
|---|---|---|---|---|---|---|---|---|---|---|---|---|
| 2013-03-10 | 512.1 S D D | 2011-09-29 | المكتبة المركزية بالمجمعة (CL) | 00047988 | المكتبة المركزية بالمجمعة (CL) | 2013-03-10 | كتاب | Dewey Decimal Classification | ||||
| 2013-03-10 | 512.1 S D D | 2011-09-29 | المكتبة المركزية بالمجمعة (CL) | 00047989 | المكتبة المركزية بالمجمعة (CL) | 2013-03-10 | كتاب | Dewey Decimal Classification |
